| 000 | 00507nab a2200145Ia 4500 | ||
|---|---|---|---|
| 003 | ES-SlBCS | ||
| 005 | 20210601133743.0 | ||
| 008 | 140529s2011 xxu||||| |||| 00| 0 por d | ||
| 041 | _apor | ||
| 100 | 1 |
_aZuim, Antônio Álvaro _9209258 |
|
| 245 | 0 | 0 |
_aIndústria cultural e semiformaçao: a atualidade da esucaçao após Auschwitz _c Antônio Álvaro Zuim |
| 600 | 1 | 4 |
_aAdorno, Theodor W. _d, 1903-1969 _913032 |
| 773 | 0 |
_tEducaçao e Filosofia _gvol. 25, nº. 50, 2011, págs. 607-634 _wRev1534 |
|
| 942 | _cAR | ||
| 999 |
_c601562 _d601562 |
||